Las fuerzas militares del posacuerdo

Detalles Bibliográficos
Autor principal: Ramr̕ez Arcos, Hugo Eduardo
Otros Autores: Guevara Salamanca, Juan David
Formato: eBook
Lenguaje:español
Publicado: Bogot:̀ Editorial Universidad de Rosario (Colombia), 2016
Materias:
Acceso en línea:Acceso restringido

MARC

LEADER 00000nam a22000007a 4500
005 20171211185148.0
007 cr|||| ||||
008 171211s2016 ck |||||s|||| 00||0 spa d
020 |a 978-958-738-810-7 
035 |a 20876 
040 |a vLex 
090 |c 7293  |d 7293 
100 1 |a Ramr̕ez Arcos, Hugo Eduardo 
245 1 3 |a Las fuerzas militares del posacuerdo  |h [Recurso electrn̤ico] /  |c Hugo Eduardo Ramr̕ez Arcos; Juan David Guevara Salamanca 
256 |a Servicio en ln̕ea 
260 |a Bogot:̀  |b Editorial Universidad de Rosario (Colombia),  |c 2016 
300 |a 1 recurso electrn̤ico 
506 1 |a Disponible solo en los productos indicados  |d vLex Global  |d vLex Global (Academic Edition, excluding Law Schools)  |d vLex Global (U.S. Academic Edition, Law Schools)  |d vLex Global (U.S. Academic Edition, excluding Law Schools)  |d vLex Global (Academic Edition, Law Schools) 
650 0 4 |a Ciencias sociales  |z Mx̌ico 
700 1 |a Guevara Salamanca, Juan David 
740 0 |a vLex Libros (Servicio en ln̕ea) 
856 4 0 |u http://vlex.com/source/fuerzas-militares-posacuerdo-20876  |z Acceso restringido 
942 |c BOOK 
999 0 |a Social science